[Event "PRO League Group Stage"]
[Site "chess.com INT"]
[Date "2020.01.09"]
[Round "1"]
[White "Blomqvist, Erik"]
[Black "Hammer, Jon Ludvig"]
[Result "0-1"]
[WhiteTitle "GM"]
[BlackTitle "GM"]
[WhiteElo "2539"]
[BlackElo "2628"]
[WhiteTeam "Sweden Wasabis"]
[BlackTeam "Norway Gnomes"]
[WhiteFideId "1709437"]
[BlackFideId "1503707"]
[EventDate "2020.01.06"]

1. e4 c6 2. d4 d5 3. exd5 cxd5 4. Bd3 Nc6 5. c3 e6 6. Bf4 Nge7 7. Nd2 Ng6 8. Bg3
Bd6 9. Bxd6 Qxd6 10. Ne2 Bd7 11. O-O O-O 12. f4 a6 13. Nb3 Nce7 14. a4 Rae8 15.
Qd2 Qc7 16. a5 Nc8 17. Nc5 Nd6 18. b4 f5 19. Kh1 Ne4 20. Qe3 Nh8 21. Ra3 Nf7 22.
Ng1 Bc6 23. Nf3 Qe7 24. Be2 h6 25. Raa1 g5 26. Nxe4 fxe4 27. Ne5 Nxe5 28. fxe5
Kg7 29. Kg1 Rxf1+ 30. Rxf1 Rf8 31. g3 Bb5 32. Bxb5 axb5 33. Rxf8 Qxf8 34. Kg2
Qf5 35. Qe2 Kg6 36. Qxb5 Qf3+ 37. Kh3 Kf5 38. a6 bxa6 39. Qxa6 Qf2 40. g4+ Kf4
41. Qxe6 Qf1# 0-1

[Event "PRO League Group Stage"]
[Site "chess.com INT"]
[Date "2020.01.09"]
[Round "1"]
[White "Berg, Emanuel"]
[Black "Urkedal, Frode Olav Olsen"]
[Result "0-1"]
[WhiteTitle "GM"]
[BlackTitle "GM"]
[WhiteElo "2544"]
[BlackElo "2528"]
[WhiteTeam "Sweden Wasabis"]
[BlackTeam "Norway Gnomes"]
[WhiteFideId "1704060"]
[BlackFideId "1506102"]
[EventDate "2020.01.06"]

1. e4 e5 2. Nf3 Nc6 3. Bb5 a6 4. Ba4 Nf6 5. O-O Be7 6. d3 b5 7. Bb3 O-O 8. Nc3
d6 9. a3 Na5 10. Ba2 Be6 11. Bd2 Bxa2 12. Rxa2 c5 13. Nd5 Nc6 14. Nxe7+ Qxe7 15.
Ra1 h6 16. Nh4 Qe6 17. h3 d5 18. exd5 Nxd5 19. Re1 Qf6 20. Qg4 Nd4 21. Rac1 Rfe8
22. Be3 Nf4 23. Bxf4 exf4 24. c3 Nb3 25. Rcd1 Rad8 26. Re4 Rxe4 27. dxe4 Rxd1+
28. Qxd1 Qxh4 29. Qxb3 f3 30. Qd5 Qf4 31. gxf3 Qxf3 32. Qxc5 Qxh3 33. Qe5 Qg4+
34. Kh2 Qf3 35. Kg1 h5 36. Qd4 Qg4+ 37. Kh2 Qf4+ 38. Kh3 Qf3+ 39. Kh2 f6 40. c4
bxc4 41. Qxc4+ Kh7 42. Qc5 Kh6 43. Qe3+ Qxe3 44. fxe3 Kg6 45. b4 Kf7 46. a4 Ke7
47. Kg3 g5 48. Kf3 Kd6 49. Ke2 h4 50. Kf3 Ke5 51. Kg4 Kxe4 52. a5 Kd5 53. e4+
Kc6 54. Kf5 h3 55. Kxf6 h2 56. e5 h1=Q 0-1

[Event "PRO League Group Stage"]
[Site "chess.com INT"]
[Date "2020.01.09"]
[Round "1"]
[White "Niemann, Hans Moke"]
[Black "Meshkovs, Nikita"]
[Result "1-0"]
[WhiteTitle "IM"]
[BlackTitle "GM"]
[WhiteElo "2465"]
[BlackElo "2565"]
[WhiteTeam "Norway Gnomes"]
[BlackTeam "Sweden Wasabis"]
[WhiteFideId "2093596"]
[BlackFideId "11602740"]
[EventDate "2020.01.06"]

1. d4 Nf6 2. c4 e6 3. Nf3 a6 4. Nc3 d5 5. cxd5 exd5 6. Bg5 Be6 7. Bxf6 Qxf6 8.
Qb3 b5 9. a4 b4 10. Nxd5 Qd8 11. e4 c6 12. Qe3 cxd5 13. exd5 Qxd5 14. Rc1 Kd8
15. Bd3 Ra7 16. Be4 Qb3 17. Qf4 Nd7 18. d5 Bxd5 19. Nd4 Bd6 20. Qg5+ Be7 21. Qd2
Qxa4 22. Bxd5 Rc7 23. Nc6+ Ke8 24. O-O Bf6 25. Qf4 Rc8 26. Qd6 1-0

[Event "PRO League Group Stage"]
[Site "chess.com INT"]
[Date "2020.01.09"]
[Round "1"]
[White "Hammer, Jon Ludvig"]
[Black "Berg, Emanuel"]
[Result "1-0"]
[WhiteTitle "GM"]
[BlackTitle "GM"]
[WhiteElo "2628"]
[BlackElo "2544"]
[WhiteTeam "Norway Gnomes"]
[BlackTeam "Sweden Wasabis"]
[WhiteFideId "1503707"]
[BlackFideId "1704060"]
[EventDate "2020.01.06"]

1. c4 Nf6 2. Nf3 g6 3. g3 Bg7 4. Bg2 O-O 5. O-O d6 6. d4 c6 7. Nc3 Qa5 8. e4 e5
9. d5 cxd5 10. cxd5 b5 11. a4 b4 12. Nb5 Qd8 13. Qc2 a6 14. Nxd6 Qxd6 15. Be3
Nfd7 16. Rfc1 a5 17. Nd2 Ba6 18. Qc7 Qxc7 19. Rxc7 Rd8 20. Nb3 Bf8 21. Nxa5 Bd6
22. Rcc1 Kg7 23. f3 Nf6 24. Nc6 Nxc6 25. Rxc6 Ne8 26. Rac1 Rdb8 27. b3 Kf8 28.
h4 Ke7 29. Bh3 h5 30. Kf2 Bb7 31. Rb6 Ba6 32. Rbc6 Bb7 33. R6c2 Ba6 34. Bg5+ f6
35. Be3 Bb7 36. Be6 Ba6 37. Rc6 Bb7 38. Rb6 Ba6 39. Rxd6 Nxd6 40. Rc7+ Ke8 41.
Bc5 Rd8 42. Ke3 Bc8 43. Bxd6 Rxd6 44. Rxc8+ Rxc8 45. Bxc8 Kd8 46. Bb7 Kc7 47.
Bc6 Rd8 48. Kd3 Kb6 49. Kc4 g5 50. Kxb4 gxh4 51. gxh4 Rg8 52. a5+ Ka6 53. d6
Rb8+ 54. Ka4 Ka7 55. b4 Rg8 56. b5 Rg1 57. d7 Rd1 58. Bd5 Rd4+ 59. Kb3 Rd3+ 60.
Kc2 Rxf3 61. d8=Q 1-0

[Event "PRO League Group Stage"]
[Site "chess.com INT"]
[Date "2020.01.09"]
[Round "1"]
[White "Urkedal, Frode Olav Olsen"]
[Black "Blomqvist, Erik"]
[Result "1/2-1/2"]
[WhiteTitle "GM"]
[BlackTitle "GM"]
[WhiteElo "2528"]
[BlackElo "2539"]
[WhiteTeam "Norway Gnomes"]
[BlackTeam "Sweden Wasabis"]
[WhiteFideId "1506102"]
[BlackFideId "1709437"]
[EventDate "2020.01.06"]

1. d4 d5 2. c4 c6 3. cxd5 cxd5 4. Nc3 Nf6 5. Bf4 e6 6. e3 Bd6 7. Nf3 Bxf4 8.
exf4 Qb6 9. Qa4+ Bd7 10. Qa3 Nc6 11. Nb5 Ne4 12. Bd3 a6 13. Nd6+ Nxd6 14. Qxd6
Qb4+ 15. Qxb4 Nxb4 16. Kd2 Nxd3 17. Kxd3 Ke7 18. Rhe1 Kd6 19. Ne5 Rhf8 20. Kd2
Rac8 21. Re3 f6 22. Nxd7 Kxd7 23. Rae1 Rfe8 24. h4 Rc4 25. Kd3 f5 26. h5 Rc6 27.
Rg3 Rg8 28. Rg5 g6 29. Rh1 Rb6 30. hxg6 hxg6 31. Rh7+ Kd6 32. b3 Rc6 33. Rxb7
Rgc8 34. Rxg6 Rc3+ 35. Ke2 Rc2+ 36. Kd1 Rc1+ 37. Kd2 R1c2+ 38. Kd1 Rc1+ 39. Kd2
R8c2+ 40. Kd3 Rc3+ 41. Kd2 R3c2+ 42. Kd3 Rc3+ 43. Kd2 R3c2+ 1/2-1/2

[Event "PRO League Group Stage"]
[Site "chess.com INT"]
[Date "2020.01.09"]
[Round "1"]
[White "Amin, Bassem"]
[Black "Niemann, Hans Moke"]
[Result "1-0"]
[WhiteTitle "GM"]
[BlackTitle "IM"]
[WhiteElo "2673"]
[BlackElo "2465"]
[WhiteTeam "Sweden Wasabis"]
[BlackTeam "Norway Gnomes"]
[WhiteFideId "10601457"]
[BlackFideId "2093596"]
[EventDate "2020.01.06"]

1. e4 c5 2. Nf3 Nc6 3. Bb5 e6 4. O-O Nge7 5. Re1 a6 6. Bf1 d5 7. d3 g6 8. e5 Bg7
9. c3 Nf5 10. g3 O-O 11. h4 h6 12. Bf4 f6 13. Bh3 fxe5 14. Bxe5 Nxe5 15. Nxe5
Qf6 16. Qe2 d4 17. c4 b5 18. Nd2 Ra7 19. Rac1 Nxh4 20. Ng4 Nf3+ 21. Nxf3 Qxf3
22. cxb5 axb5 23. Rxc5 Qxe2 24. Rxe2 h5 25. Ne5 Rxa2 26. Rxc8 Ra1+ 27. Kg2 Ra6
28. Rxf8+ Bxf8 29. Nxg6 Bb4 30. Bxe6+ Kg7 31. Nf4 Kh6 32. Bd7 Ra5 33. Re5 Ra2
34. Rxh5+ Kg7 35. Rxb5 Bd6 36. Ne6+ Kf6 37. Nxd4 Ra1 38. Rb6 Ke5 39. Nf3+ Kd5
40. Rb5+ 1-0

[Event "PRO League Group Stage"]
[Site "chess.com INT"]
[Date "2020.01.09"]
[Round "1"]
[White "Meshkovs, Nikita"]
[Black "Salomon, Johan"]
[Result "1-0"]
[WhiteTitle "GM"]
[BlackTitle "GM"]
[WhiteElo "2565"]
[BlackElo "2507"]
[WhiteTeam "Sweden Wasabis"]
[BlackTeam "Norway Gnomes"]
[WhiteFideId "11602740"]
[BlackFideId "1509500"]
[EventDate "2020.01.06"]

1. Nf3 Nf6 2. g3 b5 3. Na3 b4 4. Nc4 e6 5. a3 bxa3 6. b3 Be7 7. Bg2 d5 8. Nce5
O-O 9. Bxa3 c5 10. O-O Bb7 11. Bb2 Ne4 12. d3 Nd6 13. c4 f6 14. Ng4 d4 15. h3
Nd7 16. b4 e5 17. bxc5 Nxc5 18. Ba3 Qc7 19. Rb1 Rfb8 20. e3 dxe3 21. Nxe3 e4 22.
Nd4 Nxd3 23. Bxd6 Qxd6 24. Nef5 Qe5 25. Qg4 g6 26. Rxb7 Rxb7 27. Bxe4 Nc5 28.
Bxb7 Nxb7 29. Nc6 1-0

[Event "PRO League Group Stage"]
[Site "chess.com INT"]
[Date "2020.01.09"]
[Round "1"]
[White "Spoelman, Wouter"]
[Black "Valsecchi, Alessio"]
[Result "0-1"]
[WhiteTitle "GM"]
[BlackTitle "GM"]
[WhiteElo "2578"]
[BlackElo "2512"]
[WhiteTeam "Netherlands Mosquitoes"]
[BlackTeam "Italy Gladiators"]
[WhiteFideId "1010891"]
[BlackFideId "818860"]
[EventDate "2020.01.06"]

1. c4 c5 2. Nf3 Nc6 3. Nc3 g6 4. d4 cxd4 5. Nxd4 Bg7 6. Nc2 Bxc3+ 7. bxc3 d6 8.
g3 Qa5 9. Bg2 Qxc3+ 10. Bd2 Qg7 11. Ne3 Nf6 12. Bc3 Be6 13. Rb1 Nd8 14. Bxb7
Nxb7 15. Rxb7 Kf8 16. O-O h5 17. f4 Qh6 18. Bxf6 exf6 19. Qxd6+ Kg8 20. Nd5 Bxd5
21. Qxd5 Qf8 22. Rxf7 Qxf7 23. Qxa8+ Kg7 24. Qd5 Qe7 25. c5 h4 26. e4 Rd8 27.
Qc4 Rd2 28. c6 hxg3 29. hxg3 Qa3 30. Qb3 Qc5+ 31. Kh1 Qh5+ 32. Kg1 Qh2# 0-1

[Event "PRO League Group Stage"]
[Site "chess.com INT"]
[Date "2020.01.09"]
[Round "1"]
[White "Admiraal, Miguoel"]
[Black "Lodici, Lorenzo"]
[Result "0-1"]
[WhiteTitle "IM"]
[BlackTitle "IM"]
[WhiteElo "2498"]
[BlackElo "2477"]
[WhiteTeam "Netherlands Mosquitoes"]
[BlackTeam "Italy Gladiators"]
[WhiteFideId "1019716"]
[BlackFideId "884189"]
[EventDate "2020.01.06"]

1. c3 d5 2. Nf3 Nf6 3. d4 g6 4. Bf4 Bg7 5. e3 O-O 6. h3 c5 7. Nbd2 b6 8. Bd3 Nc6
9. O-O Bb7 10. Qe2 Nd7 11. Rfd1 e5 12. dxe5 Ndxe5 13. Ba6 Bxa6 14. Qxa6 Qe7 15.
Nxe5 Nxe5 16. Bxe5 Qxe5 17. Nf3 Qe6 18. Rd2 Rfd8 19. Rad1 Rd7 20. a4 Rad8 21. a5
h6 22. Qb5 Kh7 23. axb6 axb6 24. Qa4 Rd6 25. Qb5 Bf6 26. Qa4 Kg7 27. Qb5 Be7 28.
Qa4 R8d7 29. Qb5 Qe4 30. Qb3 Bf6 31. Qb5 Be7 32. Qb3 f5 33. Ra1 g5 34. Ra4 Qe6
35. Qd1 Bf6 36. Ne1 b5 37. Ra5 d4 38. cxd4 cxd4 39. exd4 Bxd4 40. Nf3 Bxf2+ 41.
Kxf2 Rxd2+ 42. Nxd2 Qb6+ 43. Kf1 Qxa5 44. Qe2 Qxd2 45. Qe5+ Kf7 46. Qxf5+ Ke7
47. Qe5+ Kf7 48. Qf5+ Ke8 49. Qe5+ Re7 50. Qxb5+ Kf8 51. Qf5+ Rf7 52. Qf6 Rxf6+
53. Kg1 Qf2+ 54. Kh2 Qxb2 0-1

[Event "PRO League Group Stage"]
[Site "chess.com INT"]
[Date "2020.01.09"]
[Round "1"]
[White "Moiseenko, Alexander"]
[Black "Klein, David"]
[Result "1-0"]
[WhiteTitle "GM"]
[BlackTitle "GM"]
[WhiteElo "2620"]
[BlackElo "2495"]
[WhiteTeam "Italy Gladiators"]
[BlackTeam "Netherlands Mosquitoes"]
[WhiteFideId "14102560"]
[BlackFideId "1003623"]
[EventDate "2020.01.06"]

1. d4 f5 2. Nc3 Nf6 3. Bg5 d5 4. e3 e6 5. Nf3 a6 6. Ne2 c5 7. Nf4 cxd4 8. exd4
Bd6 9. Nd3 O-O 10. Be2 Qc7 11. Bxf6 Rxf6 12. O-O Nc6 13. Re1 Bd7 14. c3 Rh6 15.
g3 f4 16. Bf1 Rf8 17. Bg2 fxg3 18. fxg3 Rf5 19. Qe2 Be8 20. Nh4 Rf8 21. Rf1 Bh5
22. Rxf8+ Bxf8 23. Qe3 Rf6 24. Nf4 Bf7 25. Nf3 Bd6 26. Nd3 h6 27. Re1 Bg6 28.
Nfe5 Nxe5 29. dxe5 Bxd3 30. exd6 Qxd6 31. Qxd3 Qb6+ 32. Qd4 Qxb2 33. Bh3 Kf7 34.
Qe3 Qb5 35. Bxe6+ Kf8 36. Bxd5 Qd7 37. Qc5+ Qd6 38. Qc8+ 1-0

[Event "PRO League Group Stage"]
[Site "chess.com INT"]
[Date "2020.01.09"]
[Round "1"]
[White "Moroni, Luca Jr"]
[Black "Ducarmon, Quinten"]
[Result "1/2-1/2"]
[WhiteTitle "GM"]
[BlackTitle "IM"]
[WhiteElo "2532"]
[BlackElo "2486"]
[WhiteTeam "Italy Gladiators"]
[BlackTeam "Netherlands Mosquitoes"]
[WhiteFideId "865834"]
[BlackFideId "1025007"]
[EventDate "2020.01.06"]

1. Nf3 d5 2. g3 c6 3. Bg2 Bg4 4. O-O e6 5. d3 Nd7 6. Nbd2 Bd6 7. Qe1 Ne7 8. e4
O-O 9. h3 Bh5 10. g4 Bg6 11. Nh4 Bf4 12. Ndf3 Bxc1 13. Rxc1 dxe4 14. dxe4 Qb6
15. b3 Rad8 16. Qe2 Nc5 17. Ne5 Qb5 18. Qxb5 cxb5 19. b4 Nd7 20. Nd3 Nc6 21. f4
f6 22. Nxg6 hxg6 23. Rfd1 e5 24. f5 Kf7 25. c3 a6 26. Kf2 g5 27. Bf1 Ke7 28. Ke1
Rc8 29. Kd2 Rc7 30. Kc2 Na7 31. Kb3 Nc8 32. Nb2 Nd6 33. c4 bxc4+ 34. Nxc4 Nb5
35. Ne3 Nd4+ 36. Kb2 Rxc1 37. Rxc1 Kd6 38. Nc4+ Ke7 39. Ne3 Kd6 40. Nc4+ Ke7 41.
Na5 Rb8 42. Rc7 b6 43. Nc6+ Nxc6 44. Rxc6 a5 45. Bb5 Rb7 46. Re6+ Kd8 47. Rd6
axb4 48. Kb3 Ke7 49. Rxd7+ Rxd7 50. Bxd7 Kxd7 51. Kxb4 Kc6 52. a4 Kc7 53. Kc4
Kc6 54. Kb4 Kc7 55. Kb5 Kb7 56. a5 bxa5 57. Kxa5 Ka7 58. Kb5 Kb7 59. Kc5 Kc7 60.
Kd5 Kd7 61. Kc5 Kc7 62. Kd5 Kd7 63. Kc5 Kc7 1/2-1/2

[Event "PRO League Group Stage"]
[Site "chess.com INT"]
[Date "2020.01.09"]
[Round "1"]
[White "Forcen Esteban, Daniel"]
[Black "Kollars, Dmitrij"]
[Result "1/2-1/2"]
[WhiteTitle "GM"]
[BlackTitle "GM"]
[WhiteElo "2548"]
[BlackElo "2592"]
[WhiteTeam "Spain Raptors"]
[BlackTeam "Germany Bears"]
[WhiteFideId "2288230"]
[BlackFideId "12909572"]
[EventDate "2020.01.06"]

1. e4 e5 2. Nf3 Nc6 3. d4 exd4 4. Bc4 Nf6 5. e5 d5 6. Bb5 Ne4 7. Nxd4 Bc5 8. Be3
O-O 9. Nxc6 bxc6 10. Bxc5 Nxc5 11. Bxc6 Rb8 12. O-O Rxb2 13. Qd4 Rxc2 14. Nc3
Ne4 15. Nxd5 Nc3 16. Kh1 Nxd5 17. Qxd5 Be6 18. Qe4 Rc4 19. Qf3 Qd4 20. Rfe1 Rc3
21. Qe4 Qxf2 22. Bd5 Bxd5 23. Qxd5 Qc5 24. Qd7 Qc6 25. Qxc6 Rxc6 26. Rac1 Rxc1
27. Rxc1 Rc8 28. Rc6 Kf8 29. Kg1 Rb8 30. Ra6 Rb7 31. Kf2 Ke7 32. Ke3 Kd7 33. h4
Kc8 34. h5 Rb5 35. Kf4 Kb7 36. Ra3 c5 37. Ke4 Rb4+ 38. Kd5 Kb6 39. Kd6 Rd4+ 40.
Ke7 Re4 41. Kd6 Rd4+ 42. Ke7 Re4 43. Kd6 c4 44. Rf3 Rd4+ 45. Ke7 Rd5 46. Re3 Rd3
47. Re1 c3 48. Kxf7 c2 49. Rc1 Rd2 50. e6 Rf2+ 51. Kxg7 Kc6 52. e7 Kd7 53. Re1
Rxg2+ 54. Kxh7 Ke8 55. h6 Re2 56. Rc1 Rg2 57. Re1 a5 58. a4 Re2 59. Rc1 Rg2 60.
Re1 Rd2 61. Rc1 Rg2 62. Re1 1/2-1/2

[Event "PRO League Group Stage"]
[Site "chess.com INT"]
[Date "2020.01.09"]
[Round "1"]
[White "Sosa, Tomas ARG"]
[Black "Mons, Leon"]
[Result "0-1"]
[WhiteTitle "IM"]
[BlackTitle "GM"]
[WhiteElo "2508"]
[BlackElo "2554"]
[WhiteTeam "Spain Raptors"]
[BlackTeam "Germany Bears"]
[WhiteFideId "121576"]
[BlackFideId "4614950"]
[EventDate "2020.01.06"]

1. c4 e6 2. Nf3 Nf6 3. g3 d5 4. Bg2 Be7 5. O-O O-O 6. b3 c5 7. e3 Nc6 8. Bb2 d4
9. exd4 cxd4 10. d3 e5 11. Re1 Bb4 12. Re2 Re8 13. a3 Bd6 14. b4 a6 15. Nbd2 Bf5
16. Qb3 Qd7 17. Ng5 Bf8 18. Rae1 Qc7 19. c5 h6 20. Nge4 Nxe4 21. Bxe4 Bg4 22.
Bf3 Be6 23. Bd5 Bg4 24. f3 Be6 25. Bxe6 Rxe6 26. Nc4 Rae8 27. Bc1 Kh8 28. a4 f5
29. b5 axb5 30. axb5 Nd8 31. b6 Qxc5 32. Ba3 Qd5 33. Bxf8 Rxf8 34. Rxe5 Rxe5 35.
Rxe5 Qxf3 36. Nd2 Qg4 37. Qb4 Rg8 38. Qc4 f4 39. Nf1 fxg3 40. Re4 gxh2+ 41. Kxh2
Qh5+ 42. Kg2 Rf8 43. Ng3 Qf3+ 44. Kh2 Qf2+ 45. Kh3 Nf7 46. Rxd4 Ng5+ 47. Kg4
Qf3+ 48. Kh4 Qg2 0-1

[Event "PRO League Group Stage"]
[Site "chess.com INT"]
[Date "2020.01.09"]
[Round "1"]
[White "Korobov, Anton"]
[Black "Diaz Camallonga, Carles"]
[Result "1-0"]
[WhiteTitle "GM"]
[BlackTitle "IM"]
[WhiteElo "2685"]
[BlackElo "2474"]
[WhiteTeam "Germany Bears"]
[BlackTeam "Spain Raptors"]
[WhiteFideId "14105730"]
[BlackFideId "22235256"]
[EventDate "2020.01.06"]

1. d4 e6 2. c4 d5 3. Nc3 Be7 4. cxd5 exd5 5. Bf4 c6 6. e3 Bf5 7. Nge2 Nd7 8. Rc1
Ngf6 9. Ng3 Be6 10. Bd3 O-O 11. Nf5 Bxf5 12. Bxf5 g6 13. Bd3 Re8 14. O-O Nh5 15.
Bh6 a5 16. h3 Bg5 17. Bxg5 Qxg5 18. Qg4 Qe7 19. a3 Nhf6 20. Qf4 Kg7 21. Rb1 Nf8
22. Rfc1 Ne6 23. Qe5 Qd8 24. Qg3 Nh5 25. Qh2 Ng5 26. Na4 Nf6 27. Nc5 Qe7 28. b4
axb4 29. Rxb4 b5 30. a4 Nge4 31. Bxe4 Nxe4 32. axb5 cxb5 33. Qf4 Nd6 34. Nd3 Ra4
35. Rbb1 Rc4 36. Re1 f6 37. Qf3 Qe4 38. Nf4 Qxf3 39. gxf3 Rb8 40. Nxd5 b4 41.
Re2 Rb5 42. Nf4 b3 43. Reb2 Rcb4 44. Nd3 Nc4 45. Nxb4 Nxb2 46. Rxb2 Rxb4 47. Kf1
Kf7 48. Ke2 Ke6 49. Kd3 Kf5 50. Kc3 Rb7 51. Rxb3 Rc7+ 52. Kd3 Rc1 53. Rb6 Rd1+
54. Ke2 Rh1 55. e4+ Kg5 56. d5 Ra1 57. d6 Ra7 58. Ke3 Rd7 59. f4+ Kh6 60. e5 1-0

[Event "PRO League Group Stage"]
[Site "chess.com INT"]
[Date "2020.01.09"]
[Round "1"]
[White "Braun, Arik"]
[Black "Herrera Reyes, Jose Antonio"]
[Result "1-0"]
[WhiteTitle "GM"]
[BlackTitle "FM"]
[WhiteElo "2605"]
[BlackElo "2304"]
[WhiteTeam "Germany Bears"]
[BlackTeam "Spain Raptors"]
[WhiteFideId "4663527"]
[BlackFideId "2274914"]
[EventDate "2020.01.06"]

1. d4 Nf6 2. c4 c5 3. d5 b5 4. cxb5 a6 5. bxa6 g6 6. Nc3 Bg7 7. e4 O-O 8. a7
Rxa7 9. Nf3 Qa5 10. Bd2 Qb6 11. Qc2 Ba6 12. a4 Bxf1 13. Kxf1 Na6 14. Nb5 Raa8
15. g3 Nb4 16. Qc4 Nxe4 17. Bc3 Nxc3 18. bxc3 e6 19. d6 Qc6 20. Kg2 Nd5 21. Qd3
h5 22. h4 Nf6 23. Rhe1 Ng4 24. Qe4 Qb6 25. Ra2 f5 26. Qe2 Qc6 27. Kg1 e5 28.
Qc4+ Kh8 29. Ng5 e4 30. Rd1 e3 31. f3 Ne5 32. Qd5 Qxd5 33. Rxd5 f4 34. Kg2 c4
35. a5 Nd3 36. Nc7 Rab8 37. a6 fxg3 38. Kxg3 Be5+ 39. Rxe5 Nxe5 40. a7 Ra8 41.
Nxa8 Rxa8 42. f4 Nd3 43. Kf3 e2 44. Rxe2 Rxa7 45. Re8+ Kg7 46. Re7+ Kg8 47. Ne4
Ra2 48. Rxd7 Ne1+ 49. Kg3 Rg2+ 50. Kh3 Re2 51. Re7 Re3+ 52. Kh2 Rd3 53. d7 Nf3+
54. Kg2 Nxh4+ 55. Kf2 Kf8 56. Re8+ Kf7 57. d8=Q Rxd8 58. Rxd8 Nf5 59. Rc8 Ke6
60. Ng5+ Kd5 61. Rd8+ Kc5 62. Rg8 Ne7 63. Rg7 Kd6 64. Kf3 Nf5 65. Rxg6+ Kc5 66.
Rf6 Nh4+ 67. Ke4 1-0

[Event "PRO League Group Stage"]
[Site "chess.com INT"]
[Date "2020.01.09"]
[Round "1"]
[White "Meshkovs, Nikita"]
[Black "Hammer, Jon Ludvig"]
[Result "1-0"]
[WhiteTitle "GM"]
[BlackTitle "GM"]
[WhiteElo "2565"]
[BlackElo "2628"]
[WhiteTeam "Sweden Wasabis"]
[BlackTeam "Norway Gnomes"]
[WhiteFideId "11602740"]
[BlackFideId "1503707"]
[EventDate "2020.01.06"]

1. Nf3 Nf6 2. c4 e6 3. g3 d5 4. d4 Be7 5. Bg2 O-O 6. O-O dxc4 7. Qc2 a6 8. a4
Bd7 9. Rd1 Bc6 10. Bg5 Bxf3 11. Bxf3 c6 12. a5 Nd5 13. Bxe7 Qxe7 14. Nd2 Nd7 15.
Nxc4 Rac8 16. Qb3 Rb8 17. e4 Nc7 18. Qa3 Qd8 19. Qe3 Nb5 20. h4 Qe7 21. e5 Rfd8
22. Be4 Nf8 23. Bc2 Rd7 24. Nb6 Rdd8 25. Ra4 Nd7 26. Qe4 g6 27. Nc4 h5 28. Kg2
Kg7 29. Qf4 Rbc8 30. Be4 Nf8 31. Nb6 Rb8 32. Rc4 Nd7 33. Na4 Rh8 34. Rd3 Rbd8
35. Rf3 Nf8 36. Nc5 Nh7 37. Qe3 Rhf8 38. Bc2 Nxd4 39. Rf4 Nf5 40. Qb3 Rd5 41.
Bxf5 exf5 42. Qxb7 Qxb7 43. Nxb7 Rb8 44. Rb4 Rxe5 45. Rb6 Nf6 46. Nd6 Rd8 47.
Rxc6 Re6 48. Nb7 Rxc6 49. Nxd8 Rc7 50. Rd4 Kf8 51. b4 Ke7 52. b5 axb5 53. a6 Nd7
54. a7 Rc8 55. Nc6+ Ke6 56. Rxd7 Rxc6 57. a8=Q Kxd7 58. Qb7+ Kd6 59. Qxf7 Kc5
60. Qe7+ Kc4 61. Qd7 Kc5 62. Qe7+ Kc4 63. Qe2+ Kc5 64. Qc2+ Kd5 65. Qb3+ Kc5 66.
Qc3+ Kb6 67. Qb4 Rc4 68. Qb2 Rc6 69. Kf3 Kc5 70. Qc3+ Kb6 71. Qb4 Rc4 72. Qf8
Rc6 73. Kf4 Ka5 74. Qa8+ Kb6 75. Qb8+ Kc5 76. Qa7+ Kc4 77. Qd7 Kc5 78. Ke5 Kb6
79. Kd5 Rc2 80. Qd6+ Ka5 81. Qxg6 Rxf2 82. Qxh5 b4 83. Qd1 Ra2 84. h5 Ra3 85.
Qc1 Rc3 86. Qa1+ Kb5 87. h6 Rxg3 88. h7 Rd3+ 89. Ke5 Rd8 90. Kxf5 Rf8+ 91. Ke4
Kc4 92. Qd4+ Kb3 93. h8=Q Rxh8 94. Qxh8 Ka2 95. Kd3 b3 96. Qa8+ Kb2 97. Kd2 Kb1
98. Qe4+ Kb2 99. Qe1 Ka3 100. Kc3 b2 101. Qb1 Ka4 102. Qxb2 Ka5 103. Qb7 Ka4
104. Qb4# 1-0

[Event "PRO League Group Stage"]
[Site "chess.com INT"]
[Date "2020.01.09"]
[Round "1"]
[White "Amin, Bassem"]
[Black "Urkedal, Frode Olav Olsen"]
[Result "1-0"]
[WhiteTitle "GM"]
[BlackTitle "GM"]
[WhiteElo "2673"]
[BlackElo "2528"]
[WhiteTeam "Sweden Wasabis"]
[BlackTeam "Norway Gnomes"]
[WhiteFideId "10601457"]
[BlackFideId "1506102"]
[EventDate "2020.01.06"]

1. Nf3 Nf6 2. g3 e6 3. Bg2 d5 4. O-O Be7 5. d3 c5 6. Nbd2 Nc6 7. e4 b6 8. Re1
Bb7 9. c3 Qc7 10. Qe2 h6 11. a3 a5 12. a4 O-O 13. e5 Nd7 14. Nb1 Rae8 15. Na3 f6
16. Nb5 Qb8 17. exf6 Bxf6 18. Bh3 Nde5 19. Nxe5 Qxe5 20. Qd1 Qb8 21. Rxe6 d4 22.
Bf4 Be5 23. Bd2 dxc3 24. bxc3 Rxe6 25. Bxe6+ Kh8 26. Qh5 Nd8 27. Bc4 Bf3 28. Qh3
Nf7 29. Re1 Nd6 30. Bxh6 Nxc4 31. Bf4+ Kg8 32. Qe6+ Kh7 33. Bxe5 Nxe5 34. Rxe5
Qd8 35. Re3 Bd5 36. Qd6 Qxd6 37. Nxd6 Bc6 38. Nb5 Bxb5 39. axb5 Ra8 40. Re2 a4
41. Ra2 a3 42. Kf1 Ra5 43. c4 Kg6 44. Ke2 Kf5 45. Ke3 Ra4 46. f4 Ra8 47. h3 g6
48. g4+ Ke6 49. Ke4 Ra4 50. h4 Ra8 51. d4 cxd4 52. Kxd4 Kd6 53. h5 gxh5 54. gxh5
Ra7 55. h6 Ra8 56. h7 Rh8 57. Rxa3 Rxh7 58. Ra6 Rd7 59. Rxb6+ 1-0

[Event "PRO League Group Stage"]
[Site "chess.com INT"]
[Date "2020.01.09"]
[Round "1"]
[White "Niemann, Hans Moke"]
[Black "Blomqvist, Erik"]
[Result "0-1"]
[WhiteTitle "IM"]
[BlackTitle "GM"]
[WhiteElo "2465"]
[BlackElo "2539"]
[WhiteTeam "Norway Gnomes"]
[BlackTeam "Sweden Wasabis"]
[WhiteFideId "2093596"]
[BlackFideId "1709437"]
[EventDate "2020.01.06"]

1. d4 Nf6 2. c4 e6 3. Nf3 Bb4+ 4. Bd2 a5 5. g3 d5 6. Bg2 O-O 7. O-O dxc4 8. a3
Bxd2 9. Nbxd2 b5 10. b3 cxb3 11. Nxb3 Bb7 12. Qd3 Bxf3 13. Bxf3 c6 14. a4 b4 15.
e4 e5 16. Rfd1 Nbd7 17. Rac1 Qb6 18. Bg2 h5 19. f4 Rad8 20. fxe5 Nxe5 21. Qe2
Rfe8 22. Kh1 Neg4 23. Nc5 Nd5 24. h3 Nc3 25. Rxc3 bxc3 26. hxg4 hxg4 27. e5 Rxd4
28. Rxd4 Qxc5 29. Rc4 Qa3 30. Qe3 Qa1+ 31. Kh2 c2 32. Rxc2 Rxe5 33. Rc1 Qb2 34.
Qf4 g5 35. Qf1 Re6 36. Kg1 Rf6 37. Bf3 Rxf3 38. Qe1 Qd4+ 39. Kg2 Re3 40. Qf2
Qe4+ 41. Kg1 Re2 42. Qf1 Qe3+ 43. Kh1 Qe4+ 44. Kg1 Qd4+ 45. Kh1 Qh8+ 0-1

[Event "PRO League Group Stage"]
[Site "chess.com INT"]
[Date "2020.01.09"]
[Round "1"]
[White "Moroni, Luca Jr"]
[Black "Spoelman, Wouter"]
[Result "1-0"]
[WhiteTitle "GM"]
[BlackTitle "GM"]
[WhiteElo "2532"]
[BlackElo "2578"]
[WhiteTeam "Italy Gladiators"]
[BlackTeam "Netherlands Mosquitoes"]
[WhiteFideId "865834"]
[BlackFideId "1010891"]
[EventDate "2020.01.06"]

1. Nf3 d5 2. g3 Nf6 3. Bg2 c6 4. O-O Bg4 5. d3 Nbd7 6. Nbd2 e6 7. Qe1 Be7 8. h3
Bh5 9. Nh4 g5 10. Nhf3 h6 11. e4 dxe4 12. dxe4 Bg6 13. b3 Qc7 14. Bb2 O-O-O 15.
a4 g4 16. hxg4 Nxg4 17. Bxh8 Rxh8 18. Qe2 h5 19. e5 Ndxe5 20. Nxe5 Nxe5 21. Rfe1
Ng4 22. Qc4 Bf5 23. Be4 Bxe4 24. Rxe4 Bd6 25. Rxg4 hxg4 26. Qxg4 Kb8 27. Rd1 f5
28. Qg6 Bc5 29. Nf3 a5 30. Kg2 Ka7 31. Qxe6 Qh7 32. Nh4 f4 33. Qf5 f3+ 34. Kg1
Qg7 35. Qxc5+ b6 36. Qxc6 1-0